| 000 | 00644cam a2200169 a 4500 | ||
|---|---|---|---|
| 020 | _a0309041201 (pbk.) : | ||
| 082 | 0 | 0 |
_a380.5 s _a625.84 _bNAT _cDonated |
| 245 | 0 | 0 | _aConcrete pavement design and performance. |
| 260 |
_aWashington, D.C. : _bTransportation Research Board, National Research Council, _c1986. |
||
| 300 |
_a57 p. : _bill. ; _c28 cm. |
||
| 526 |
_a0 _b0 _c0 _d380_500000000000000_S_NAT |
||
| 650 | 0 |
_aMCE _9379 |
|
| 650 | 0 |
_aPavements, Concrete _xDesign and construction _xCongresses. _943838 |
|
| 650 | 0 |
_aPavements, Concrete _xEvaluation _xCongresses. _943839 |
|
| 710 | 2 |
_aNational Research Council (U.S.). _920017 |
|
| 942 |
_2ddc _cBK |
||
| 999 |
_c547693 _d547693 |
||